Hazbin Hotel - Out For Love - Statistics

General Stats
  • This quiz has been taken 262 times
    256 since last reset
  • The average score is 130 of 172
Answer Stats
Hint Answer % Correct
you
99%
Carmilla : i
96%
your
96%
for
94%
a
92%
love
92%
love,
92%
out
91%
you're
89%
Vaggie
86%
know
84%
blood
82%
of
82%
the
82%
but
80%
if
79%
see
79%
can
77%
is
77%
only
75%
that
75%
by
74%
who
74%
and
73%
chance
73%
every
73%
this
73%
driven
72%
stand
72%
care
71%
protect
71%
to
71%
with
71%
you'll
71%
be
70%
motivation
70%
step
70%
about
69%
no
69%
them
69%
think
69%
way
69%
fight
68%
need
68%
when
68%
detestation
67%
different
67%
thirstin'
67%
handle
66%
there's
66%
type
66%
or
65%
live
62%
losin'
62%
fear
61%
reason
61%
all
56%
can't
55%
gonna
54%
heart
54%
without
54%
give
53%
somebody
53%
as
52%
who's
52%
yourself
52%
above
51%
animus
51%
push
51%
rise
51%
vengance,
51%
gloves
50%
comes
49%
fuel
49%
just
49%
long
49%
might
49%
help
48%
shove
48%
choosin'
45%
stoked
44%
harness
40%
yeah
40%
No matching quizzes found
Score Distribution
Percent of People with Each Score
Percentile by Number Answered
Your Score History
You have not taken this quiz since the last reset